Štatistické riadenie kvality
Gespeichert in:
| 1. Verfasser: | |
|---|---|
| Format: | Buch |
| Sprache: | Slowakisch |
| Veröffentlicht: |
Bratislava
Statis
1998
|
| Schlagworte: | |
| Tags: |
Keine Tags, Fügen Sie das erste Tag hinzu!
|
MARC
| LEADER | 00000nam a2200000 4500 | ||
|---|---|---|---|
| 001 | c106005 | ||
| 005 | 20221109094601.4 | ||
| 020 | |a 80-85659-12-3 | ||
| 041 | 0 | |a slo | |
| 044 | |a SK | ||
| 245 | 1 | 0 | |a Štatistické riadenie kvality |c Jozef Chajdiak |
| 264 | 1 | |a Bratislava |b Statis |c 1998 | |
| 300 | |a 174 s. | ||
| 610 | 2 | 0 | |a kvalita |
| 610 | 2 | 0 | |a riadenie kvality |
| 610 | 2 | 0 | |a metódy štatistické |
| 610 | 2 | 0 | |a štatistika |
| 610 | 2 | 0 | |a normovanie |
| 610 | 2 | 0 | |a analýzy |
| 610 | 2 | 0 | |a výroba |
| 610 | 2 | 0 | |a proces výrobný |
| 610 | 2 | 0 | |a meranie produkcie |
| 610 | 2 | 0 | |a diagramy regulačné |
| 610 | 2 | 0 | |a spoľahlivosť výrobkov |
| 610 | 2 | 0 | |a hypotézy štatistické |
| 610 | 2 | 0 | |a experimenty |
| 610 | 2 | 0 | |a plánovanie |
| 610 | 2 | 0 | |a kontrola štatistická |
| 610 | 2 | 0 | |a korelácia |
| 610 | 2 | 0 | |a modely regresné |
| 610 | 2 | 0 | |a softvér |
| 610 | 2 | 0 | |a systémy informačné |
| 610 | 2 | 0 | |a rozdelenie pravdepodobnosti |
| 610 | 2 | 0 | |a Statgraphics |
| 610 | 2 | 0 | |a NCSS |
| 610 | 2 | 0 | |a Statistica |
| 610 | 2 | 0 | |a SPSS |
| 610 | 2 | 0 | |a SAS |
| 100 | 1 | |a Chajdiak, Jozef | |